Advanced economic theory : (Record no. 8603)
[ view plain ]
| 000 -LEADER | |
|---|---|
| fixed length control field | 00518cam a2200205ua 4500 |
| 008 - FIXED-LENGTH DATA ELEMENTS--GENERAL INFORMATION | |
| fixed length control field | 160224n ii |||gr||||Z||||||eng |
| 020 ## - INTERNATIONAL STANDARD BOOK NUMBER | |
| International Standard Book Number | 8121902606 |
| 040 ## - CATALOGING SOURCE | |
| Transcribing agency | MAIN |
| 041 ## - LANGUAGE CODE | |
| -- | eng |
| 082 ## - DEWEY DECIMAL CLASSIFICATION NUMBER | |
| Classification number | 338.5 |
| 100 ## - MAIN ENTRY--PERSONAL NAME | |
| Personal name | Ahuja, H L, |
| Relator term | |
| 245 1# - TITLE STATEMENT | |
| Title | Advanced economic theory : |
| Remainder of title | microeconomic analysis / |
| Statement of responsibility, etc. | by H L Ahuja . |
| 250 ## - EDITION STATEMENT | |
| Edition statement | 10th rev. ed. |
| 260 ## - PUBLICATION, DISTRIBUTION, ETC. | |
| Place of publication, distribution, etc. | New Delhi: |
| Name of publisher, distributor, etc. | S Chand, |
| Date of publication, distribution, etc. | 1998. |
| 300 ## - PHYSICAL DESCRIPTION | |
| Extent | 1053p. |
| 942 ## - ADDED ENTRY ELEMENTS (KOHA) | |
| Koha item type | Books |
| 653 ## - INDEX TERM--UNCONTROLLED | |
| Uncontrolled term | Production |
| 653 ## - INDEX TERM--UNCONTROLLED | |
| Uncontrolled term | Microeconomic analysis |
| Withdrawn status | Lost status | Damaged status | Not for loan | Home library | Current library | Shelving location | Date acquired | Total Checkouts | Full call number | Barcode | Date last seen | Copy number | Price effective from | Koha item type |
|---|---|---|---|---|---|---|---|---|---|---|---|---|---|---|
| Central Library, Naharkatiya College | Central Library, Naharkatiya College | General Stacks | 19/09/2020 | 338.5 | AHU | 23026 | 03/06/2025 | 1 | 19/09/2020 | Books |
